|
|
|
|
| LEADER |
01027nam a2200277 a 4500 |
| 001 |
GR-MES5224 |
| 008 |
991111s1995 xxk 000 b eng d |
| 020 |
|
|
|a 0198774249
|
| 040 |
|
|
|a GrPaTEI
|b gre
|c GR-PaULI
|
| 245 |
0 |
0 |
|a An introduction to positive economics.
|
| 250 |
|
|
|a 8th
|
| 260 |
|
|
|a Oxford :
|b Oxford University Press,
|c 1995
|
| 300 |
|
|
|a 919σ.
|
| 500 |
|
|
|a Περιλαμβάνει ευρετήριο.
|
| 650 |
|
4 |
|a Διεθνές εμπόριο
|
| 650 |
|
4 |
|a ΜΑΚΡΟΟΙΚΟΝΟΜΙΑ
|
| 650 |
|
4 |
|a ΜΙΚΡΟΟΙΚΟΝΟΜΙΑ
|
| 650 |
|
4 |
|a Οικονομία
|
| 650 |
|
4 |
|a Τραπεζικό σύστημα
|
| 700 |
1 |
|
|a Chrystal, K. Alec,
|d 1946-
|
| 700 |
1 |
|
|a Lipsey, Richard G.,
|d 1928-
|
| 710 |
0 |
|
|a Oxford University Press
|
| 942 |
|
|
|2 ddc
|
| 952 |
|
|
|0 0
|1 0
|2 ddc
|4 0
|6 330_000000000000000_LIP
|7 0
|9 275795
|a MSLG
|b MSLG
|c BSC
|d 2021-01-17
|e 24
|f 0
|g 0.00
|l 0
|o 330 LIP
|p 2420000015361
|r 2021-01-17 00:00:00
|t 1
|w 2021-01-17
|y BK15
|x 19991111 0 1
|x GrPaTEI
|
| 971 |
|
|
|a .b25836912
|b 17-05-20
|c 14-09-16
|
| 999 |
|
|
|c 159852
|d 159852
|